LIBRARY & INFORMATION CENTRE, KCAET, TAVANUR

ONLINE PUBLIC ACCESS CATALOGUE (OPAC)

Fiscal policy and budgeting / (Record no. 11900)

MARC details
000 -LEADER
fixed length control field 00399cam a2200169ua 4500
041 ## - LANGUAGE CODE
Language code of text/sound track or separate title eng
082 ## - DEWEY DECIMAL CLASSIFICATION NUMBER
Classification number 336.3
Item number GAN/FI
100 ## - MAIN ENTRY--AUTHOR NAME
Personal name Ganapathi, V .
245 ## - TITLE STATEMENT
Title Fiscal policy and budgeting /
260 ## - PUBLICATION, DISTRIBUTION, ETC. (IMPRINT)
Place of publication :
Name of publisher Viswanathan ,
Year of publication 1959.
300 ## - PHYSICAL DESCRIPTION
Number of Pages 20 ;
Accompanying material `.
942 ## - ADDED ENTRY ELEMENTS (KOHA)
Koha item type Books
Holdings
Withdrawn status Lost status Damaged status Home library Current library Date acquired Cost, normal purchase price Full call number Accession Number Koha item type
Withdrawn Lost and Paid For   KAUAET KAUAET 07/04/2012 1.00 336.3 7421 Books
free website counter